Historia del reinado de los Reyes Católicos D. Fernando y Dª Isabel / (Record no. 121103)

MARC details
000 -LEADER
campo de control de longitud fija 00903nam a2200229 i 4500
001 - NÚMERO DE CONTROL
campo de control 121103
003 - IDENTIFICADOR DE NÚMERO DE CONTROL
campo de control ES-MaACL
005 - FECHA Y HORA DE LA ÚLTIMA TRANSACCIÓN
campo de control 20250818131146.0
007 - CAMPO FIJO DE DESCRIPCIÓN FÍSICA--INFORMACIÓN GENERAL
campo de control de longitud fija t|
008 - DATOS DE LONGITUD FIJA--INFORMACIÓN GENERAL
campo de control de longitud fija 070214s1970 sp r ||||1| spa d
100 1# - ENTRADA PRINCIPAL--NOMBRE DE PERSONA
Nombre de persona Prescott, William Hickling,
Fechas asociadas al nombre 1796-1859
9 (RLIN) 131353
245 10 - MENCIÓN DEL TÍTULO
Título Historia del reinado de los Reyes Católicos D. Fernando y Dª Isabel /
Mención de responsabilidad, etc. William H. Prescott ; traducido por D. Atilano Calvo Iturburu, según la edición de 1855.
260 ## - PUBLICACIÓN, DISTRIBUCIÓN, ETC.
Lugar de publicación, distribución, etc. Madrid :
Nombre del editor, distribuidor, etc. Círculo de Amigos de la Historia,
Fecha de publicación, distribución, etc. 1970.
300 ## - DESCRIPCIÓN FÍSICA
Extensión 2 v., 15 lám. ;
Dimensiones 20 cm.
490 1# - MENCIÓN DE SERIE
Mención de serie Grandes figuras de la historia de España
651 ## - PUNTO DE ACCESO ADICIONAL DE MATERIA--NOMBRE GEOGRÁFICO
Nombre geográfico España-
Subdivisión general Historia-
Subdivisión cronológica 1474-1516, Reyes Católicos.
9 (RLIN) 8222
700 1# - ENTRADA AGREGADA--NOMBRE PERSONAL
Nombre de persona Calvo Iturburu, Atilano.
9 (RLIN) 33888
700 2# - ENTRADA AGREGADA--NOMBRE PERSONAL
Nombre de persona
9 (RLIN) 241895
830 1# - PUNTO DE ACCESO ADICIONAL DE SERIE-TÍTULO UNIFORME
Título uniforme Grandes figuras de la historia de España
9 (RLIN) 184428
852 ## - LOCALIZACIÓN
Ubicación ES-MaACL
Número de control de estantería C-39891-92
Holdings
Estatus retirado Estado de pérdida Estado de daño No para préstamo Biblioteca de origen Biblioteca actual Ubicación en estantería Fecha de adquisición Fuente de adquisición Total de préstamos Signatura topográfica completa Código de barras Visto por última vez Precio de reemplazo Tipo de ítem Koha
        Biblioteca del Ateneo de Madrid Biblioteca del Ateneo de Madrid Depósito 2 17/01/2008     C-39891-92 1126215 23/02/2023 23/02/2023 Libro impreso